00685nam a2200217Ia 4500003000400000005001700004008004100021020001400062040001800076041000800094082002100102100002400123245008600147250001200233260004300245300002700288650004900315650004000364650004200404700002100446OSt20251216090906.0210716s2002 xx 000 0 und d a471418625 cAIMIT LIBRARY aeng a006.37 22bMCKP aMckeown, Patrick G. aLearning to program with visual basic /cBy Patrick G McKeown and Craig A Piercy. a2nd ed. aNew York :bJohn Wiley & sons ,c2002. axii,594p. ;bPBc28 cm aUsing visual basic to create a first project aWorking with arrays in visual basic aUsing visual basic to create graphics aPiercy, Craig A.